000 00575nam a22001817a 4500
005 20251108170124.0
008 250721s2000 xx 000 0 ara d
082 1 4 _aم/218.51/فوز
100 1 _aآل فوزان، صالح بن فوزان بن عبد الله
245 1 0 _aالخطب المنبرية في المناسبات العصرية /
250 _aط10
264 1 _aبيروت :
_bمؤسسة الرسالة،
_c2000.
300 _aج
650 1 7 _aالوعظ و الإرشاد
650 1 7 _aالخطب الدينية
942 _2ddc
_cREF
999 _c40258
_d40258